Statistics for Music Groups by Deceased Members

Click here to take the quiz!

General Stats

  • This quiz has been taken 24,133 times
    (23,959 since last reset)
  • The average score is 11 of 22

Answer Stats

Deceased Members Answer % Correct
George Harrison, John LennonThe Beatles
100%
Freddie MercuryQueen
96%
Kurt CobainNirvana
93%
Jim Morrison, Ray ManzarekThe Doors
80%
Maurice Gibb, Robin GibbBee Gees
66%
Keith Moon, John EntwistleThe Who
62%
John BonhamLed Zeppelin
57%
Dennis Wilson, Carl WilsonThe Beach Boys
57%
Brian Jones, Ian StewartThe Rolling Stones
51%
Bon ScottAC/DC
51%
Lisa "Left Eye" LopesTLC
45%
Syd Barrett, Richard WrightPink Floyd
43%
Tom FogertyCreedence
Clearwater Revival
40%
Joe StrummerThe Clash
39%
Ronnie Van Zant, Leon Wilkeson,
Allen Collins, Steve Gaines, Billy Powell
Lynyrd Skynyrd
37%
Adam Yauch (MCA)Beastie Boys
36%
Jam Master JayRun - D.M.C.
33%
Cliff BurtonMetallica
30%
Dimebag DarrellPantera
24%
Hillel SlovakRed Hot Chili Peppers
17%
Shannon HoonBlind Melon
14%
Steve ClarkDef Leppard
12%

Score Distribution

Percentile by Number Answered

Percent of People with Each Score

Your Score History

You have not taken this quiz since the last reset